Normal view
MARC view
- Pasternak, Boris Leonidovich
Entry Personal Name
001 - CONTROL NUMBER
- control field: 5384
003 - CONTROL NUMBER IDENTIFIER
- control field: OSt
005 - DATE AND TIME OF LATEST TRANSACTION
- control field: 20230222112944.0
008 - FIXED-LENGTH DATA ELEMENTS
- fixed length control field: 230222|| aca||aabn | a|a d
040 ## - CATALOGING SOURCE
- Original cataloging agency: OSt
- Transcribing agency: OSt
100 ## - HEADING--PERSONAL NAME
- Personal name: Pasternak, Boris Leonidovich
670 ## - SOURCE DATA FOUND
- Source citation: Work cat.: (OSt)17629: Pasternak, Boris Leonidovich, Doctor zhivago, 2023
